000 00573cam a2200229ua 4500
001 6623
008 140510n ii |||gr||||Z||||||eng
020 _a81-272-1774-3
040 _cMAIN
082 _a346.07
245 _aBusiness law
_cBy K.C. Garg
250 _a2nd rev. ed.
260 _aLudhiana:
_bKalyani publishers,
_c2004.
300 _ax,54p.
653 _aPrivate law
653 _aBusiness law
700 _aGarg,K.C.,
_eAuthor.,
700 _aSareen,V.K.,
_eAuthor.
700 _aSharma,Mukesh,
_eAuthor.
700 _aChawla,R.C.,
_eAuthor.
942 _cBK
999 _c5772
_d5772